Welcome to the Holygrace Academy Library

Please use search bar below to get started

ACCOUNATNCY REFRESHER (Record no. 625)

MARC details
000 -LEADER
fixed length control field 00293nam a22001097a 4500
082 ## - DEWEY DECIMAL CLASSIFICATION NUMBER
Classification number 657
Item number CBSE/A
100 ## - MAIN ENTRY--AUTHOR NAME
Personal name CENTRAL BOARD OF SECONDARY EDUCATION
245 ## - TITLE STATEMENT
Title ACCOUNATNCY REFRESHER
Remainder of title CLASS XII
260 ## - PUBLICATION, DISTRIBUTION, ETC. (IMPRINT)
Place of publication DELHI
Name of publisher MALHOTRA BOOK DEPOT
650 ## - SUBJECT ADDED ENTRY--TOPICAL TERM
Topical Term ACCOUNTANCY FOR CLASS XII
Geographic subdivision INDIA
942 ## - ADDED ENTRY ELEMENTS (KOHA)
Koha item type Books
Holdings
Withdrawn status Lost status Collection code Home library Current library Shelving location Date acquired Source of acquisition Cost, normal purchase price Full call number Accession Number Koha item type
    Reference Main Library Main Library SHELF 10 C PLUS 2 ACCOUNTANCY 15/05/2014 purchase 245.00 657 CBSE/A 08811 Books